Where in the world? (Record no. 115145)

MARC details
000 -LEADER
fixed length control field 00849cam a22001815a 4500
001 - CONTROL NUMBER
control field L158105
008 - FIXED-LENGTH DATA ELEMENTS--GENERAL INFORMATION
fixed length control field 140609s2014 xxk f 000 0 eng d
035 ## - SYSTEM CONTROL NUMBER
System control number (Sirsi) u158105
041 0# - LANGUAGE CODE
Language code of text/sound track or separate title eng
110 2# - MAIN ENTRY--CORPORATE NAME
Corporate name or jurisdiction name as entry element Cushman and Wakefield
9 (RLIN) 244
245 00 - TITLE STATEMENT
Title Where in the world?
Remainder of title Manufacturing index 2014
Medium [electronic resource]
260 ## - PUBLICATION, DISTRIBUTION, ETC.
Place of publication, distribution, etc. London
Date of publication, distribution, etc. Cushman and Wakefield
Name of publisher, distributor, etc. 2014
520 ## - SUMMARY, ETC.
Summary, etc. The Manufacturing Index first published in 2013 highlights important factors that manufactures throughout the world need to take into consideration when relocating and the importance of local market conditions.
651 #4 - SUBJECT ADDED ENTRY--GEOGRAPHIC NAME
Geographic name International
690 ## - LOCAL SUBJECT ADDED ENTRY--TOPICAL TERM (OCLC, RLIN)
Topical term or geographic name as entry element Commercial property
9 (RLIN) 6227
856 40 - ELECTRONIC LOCATION AND ACCESS
Uniform Resource Identifier <a href="https://www.cushmanwakefield.com/en/research-and-insight/2014/manufacturing-index-2014/">https://www.cushmanwakefield.com/en/research-and-insight/2014/manufacturing-index-2014/</a>
Public note View the item free of charge from the www.cushmanwakefield.com
942 ## - ADDED ENTRY ELEMENTS (KOHA)
Suppress in OPAC 0
Holdings
Withdrawn status Lost status Source of classification or shelving scheme Damaged status Not for loan Home library Current library Shelving location Date acquired Total Checkouts Full call number Barcode Date last seen Copy number Price effective from Koha item type
    Dewey Decimal Classification     Virtual Virtual Online 09/06/2014   ONLINE PUBLICATION 158105-2001 06/08/2019 1 06/08/2019 Book